LEADER 01201nam 2200337 n 450 001 996391821003316 005 20230804230424.0 035 $a(CKB)1000000000674118 035 $a(EEBO)2240885987 035 $a(UnM)99856534 035 $a(EXLCZ)991000000000674118 100 $a19921013d1616 uy | 101 0 $aeng 135 $aurbn#|||a|bb| 200 04$aThe bread of life, or Foode of the regenerate$b[electronic resource] $eA sermon preached at Botterwike in Holland, neere Boston, in Lincolnshire. By Thomas Granger, preacher of Gods word there 210 $aLondon $cPrinted by T. S[nodham] for Thomas Pauier, and are to be sold at his shop in Yuie lane$d1616 215 $a[4], 1-31, 34-35 [1] p 300 $aPrinter's name from STC. 300 $aReproduction of the original in the British Library. 330 $aeebo-0018 606 $aSermons, English$y17th century 615 0$aSermons, English 700 $aGranger$b Thomas$f1578-$01373919 801 0$bCu-RivES 801 1$bCu-RivES 801 2$bCStRLIN 801 2$bWaOLN 906 $aBOOK 912 $a996391821003316 996 $aThe bread of life, or Foode of the regenerate$93406454 997 $aUNISA LEADER 04513nam 2200649 a 450 001 9910958011203321 005 20200520144314.0 010 $a1-003-72270-9 010 $a1-281-37675-2 010 $a9786611376758 010 $a1-4237-1964-6 035 $a(CKB)1000000000242593 035 $a(EBL)3137197 035 $a(SSID)ssj0000194039 035 $a(PQKBManifestationID)11166286 035 $a(PQKBTitleCode)TC0000194039 035 $a(PQKBWorkID)10227181 035 $a(PQKB)10620032 035 $a(Au-PeEL)EBL3137197 035 $a(CaPaEBR)ebr10126113 035 $a(CaONFJC)MIL137675 035 $a(OCoLC)922997919 035 $a(MiAaPQ)EBC3137197 035 $a(BIP)11231379 035 $a(EXLCZ)991000000000242593 100 $a20041129d2005 uy 0 101 0 $aeng 135 $aur|n|---||||| 181 $ctxt 182 $cc 183 $acr 200 04$aThe long arm of papal authority $elate medieval Christian peripheries and their communication with the Holy See /$fedited by Gerhard Jaritz, Torstein Jrgensen, Kirsi Salonen 205 $a2nd rev. ed. 210 $aBudapest ;$aNew York $cCentral European University Press$dc2005 215 $a1 online resource (194 p.) 225 1 $aCEU medievalia,$x1587-6470 ;$v8 300 $a"Selected papers from two international conferences: the first was held at the Centre for Medieval Studies, University of Bergen (Norway), in October, 2003 and the second at the Department of Medieval Studies, Central European University, Budapest (Hungary), in January, 2004"--P. [xi]. 311 08$a963-7326-06-5 320 $aIncludes bibliographical references. 327 $aIntro -- TABLE OF CONTENTS -- LIST OF TABLES -- LIST OF FIGURES -- ABBREVIATIONS RELATED TO THE COLLECTIONS OF THE VATICAN SECRET ARCHIVES -- PREFACE -- PERIPHERIES IN QUESTION IN LATE MEDIEVAL CHRISTENDOM -- THE PENITENTIARY UNDER POPE PIUS II THE SUPPLICATIONS AND THEIR PROVENANCE -- AT THE EDGE OF THE WORLD: THE SUPPLICATIONS FROM THE NORWEGIAN PROVINCE OF NIDAROS -- THE SUPPLICATIONS FROM THE PROVINCE OF UPPSALA MAIN TRENDS AND DEVELOPMENTS -- PRE-REFORMATION SCOTTISH MARRIAGE CASES IN THE ARCHIVES OF THE PAPAL PENITENTIARY -- CENTRAL EUROPE AND THE LATE MEDIEVAL PAPAL CHANCERY -- THE PAPAL CURIA AND ALBANIA IN THE LATER MIDDLE AGES -- EAST CENTRAL EUROPE AND THE PENITENTIARY ( 1458- 1484) -- "BUT IF YOU MARRY ME:" REFLECTIONS OF THE HUSSITE MOVEMENT IN THE PENITENTIARY ( 1438- 1483) -- SOCIAL AND TERRITORIAL ENDOGAMY IN THE RAGUSAN REPUBLIC: MATRIMONIAL DISPENSES DURING THE PONTIFICATES OF PAUL II AND SIXTUS IV ( 1464- 1484) -- RODOLFO GONZAGA (1452-1495): NEWS ON A CELEBRITY MURDER CASE -- CHURCH AND SECULAR COURTS IN UPPER HUNGARY ( FOURTEENTH TO SIXTEENTH CENTURY) -- PENITENTIARY DOCUMENTS FROM OUTSIDE THE PENITENTIARY -- PATTERNS AND LEVELS OF 'PERIPHERY'? -- LIST OF CONTRIBUTORS. 330 $aThe volume contains selected papers from two conferences in 2003, at the University of Bergen (Norway) and at CEU. They deal comparatively with the communication of the Holy See with Northern Europe and Eastern Central Europe in the Late Middle Ages, both areas at the margins of Western Christendom. Special emphasis is placed on the analysis of the registers of the Apostolic Penitentiary. Even though the regulations of canon law were in theory the same for every Christian, regional differences in interpreting and applying them emerged in the Late Middle Ages. The need to turn to the papal authority in matters of canon law varied depending on the role of local bishops and the prescence or abscence of papal legates or collectors. Also, people in the central territories of Christendom had different opportunities for turning to the papal curia with their requests than those living on the peripheries of the Christian world. 410 0$aCEU medievalia ;$v8. 606 $aCommunication$xReligious aspects$xCatholic Church$xHistory$yTo 1500$vCongresses 607 $aEurope, Northern$xChurch history$vCongresses 607 $aEurope, Eastern$xChurch history$vCongresses 615 0$aCommunication$xReligious aspects$xCatholic Church$xHistory 676 $a282/.4/0902 701 $aJaritz$b Gerhard$f1949-$0152575 701 $aJrgensen$b Torsten Bo$01854300 701 $aSalonen$b Kirsi$0454214 801 0$bMiAaPQ 801 1$bMiAaPQ 801 2$bMiAaPQ 906 $aBOOK 912 $a9910958011203321 996 $aThe long arm of papal authority$94451403 997 $aUNINA